000
00211nam a2200097Ia 4500
008
240331s9999 xx 000 0 und d
082
_b
RAJ
100
_a
Rajadurai, S.V
245
0
_a
Hindu, Hindi, India
942
_c
L
999
_c
3659
_d
3659